Online Catalogue and eLibrary

Samayenyuthu srilankawak sadha (Record no. 1281)

MARC details
000 -LEADER
fixed length control field 00422nam a2200157Ia 4500
005 - DATE AND TIME OF LATEST TRANSACTION
control field 20250528025805.0
008 - FIXED-LENGTH DATA ELEMENTS--GENERAL INFORMATION
fixed length control field 240331s9999 xx 000 0 und d
020 ## - INTERNATIONAL STANDARD BOOK NUMBER
ISBN 955910215X
082 ## - DDC Classification
Class No. 303.6
Item Number - Author Mark FON
100 ## - MAIN ENTRY--PERSONAL NAME
Personal name Fonseka, C
245 #0 - TITLE STATEMENT
Title Samayenyuthu srilankawak sadha
260 ## - PUBLICATION, DISTRIBUTION, ETC.
Place of publication, distribution, etc. Colombo
Name of publisher, distributor, etc. Social Scientists Association
Date of publication, distribution, etc. 1998
300 ## - PHYSICAL DESCRIPTION
Extent (e.g. Volumes, Pages etc.) 243 p .,
500 ## - GENERAL NOTE
General note A book of towards a peaceful Sri Lanka
942 ## - Koha item type (Biblio)
Koha item type Books in Stacks (Lending)
Holdings
Lost status Damaged status Collection code Home library Current library Shelving location Date acquired Full call number Accession Number Item type
    Lending WERC Library WERC Library Social Science Cupboard 03/31/2024 303.6 FON 1863 Books in Stacks (Lending)

© WERC Library